[Event "POL-chT 2 Liga 2019"]
[Site "Poronin"]
[Date "2019.09.08"]
[Round "2.18"]
[White "Mackiewicz, Anna"]
[Black "Swiech, Joanna"]
[Result "1-0"]
[WhiteElo "1811"]
[BlackElo "2055"]
[Annotator "NA"]
[PlyCount "51"]
[EventDate "2019.09.07"]
[EventType "team-tourn"]
[EventCountry "POL"]
[SourceTitle "playchess.com"]
[Source "ChessBase"]
[SourceQuality "1"]
[TimeControl "40/5400+30:1800+30"]

1. b3 {[%emt 0:00:00]} e5 {[%emt 0:00:00]} 2. Bb2 {[%emt 0:00:00]} Nc6 {[%emt 0:00:00]} 3. e3 {[%emt 0:00:00]} Nf6 {[%emt 0:00:00]} 4. Bb5 {[%emt 0:00:36]} Bd6 {[%emt 0:00:36]} 5. Na3 {[%emt 0:08:14]} Na5 {[%emt 0:01:11]} 6. Nc4 {[%emt 0:04:03]} Nxc4 {[%emt 0:00:40]} 7. Bxc4 {[%emt 0:01:06]} O-O {[%emt 0:00:39]} 8. Nf3 {[%emt 0:00:47]} Qe7 {[%emt 0:01:47]} 9. O-O {[%emt 0:04:05]} c6 {[%emt 0:01:41]} 10. Nh4 {[%emt 0:09:02]} Bc7 {[%emt 0:04:47]} 11. Nf5 {[%emt 0:02:12]} Qd8 {[%emt 0:00:43]} 12. f4 {[%emt 0:04:45]} e4 {[%emt 0:20:37]} 13. Nxg7 {[%emt 0:18:29]} d5 {[%emt 0:01:59]} 14. Bxf6 {[%emt 0:01:18]} Qxf6 {[%emt 0:00:07]} 15. Nh5 {[%emt 0:00:09]} Qg6 {[%emt 0:01:15]} 16. Be2 {[%emt 0:00:08]} f5 {[%emt 0:00:45]} 17. c4 {[%emt 0:00:54]} Be6 {[%emt 0:03:21]} 18. cxd5 {[%emt 0:00:48]} cxd5 {[%emt 0:00:55]} 19. Kh1 {[%emt 0:09:00]} h6 {[%emt 0:03:20]} 20. Rg1 {[%emt 0:01:22]} Kh8 {[%emt 0:01:34]} 21. g4 {[%emt 0:01:52]} fxg4 {[%emt 0:01:36]} 22. Bxg4 {[%emt 0:00:30]} Bxg4 {[%emt 0:03:07]} 23. Rxg4 {[%emt 0:02:08]} Qe6 {[%emt 0:01:05]} 24. Rg7 {[%emt 0:05:29]} Bd8 {[%emt 0:02:14]} 25. Qg1 {[%emt 0:09:38]} Bf6 {[%emt 0:02:49]} 26. Qg6 1-0

[Event "POL-chT 2 Liga 2019"]
[Site "Poronin"]
[Date "2019.09.08"]
[Round "2.19"]
[White "Jedynak, Radoslaw"]
[Black "Marszalek, Maciej"]
[Result "1/2-1/2"]
[WhiteElo "2341"]
[BlackElo "2301"]
[Annotator "NA RC"]
[PlyCount "22"]
[EventDate "2019.09.07"]
[EventType "team-tourn"]
[EventCountry "POL"]
[SourceTitle "playchess.com"]
[Source "ChessBase"]
[SourceQuality "1"]
[TimeControl "40/5400+30:1800+30"]

1. d4 {[%emt 0:00:27]} Nf6 {[%emt 0:00:00]} 2. c4 {[%emt 0:00:23]} e6 {[%emt 0:00:10]} 3. Nc3 {[%emt 0:01:18]} c5 {[%emt 0:00:22]} 4. d5 {[%emt 0:00:20]} exd5 {[%emt 0:00:10]} 5. cxd5 {[%emt 0:00:19]} d6 {[%emt 0:00:07]} 6. Nf3 {[%emt 0:00:38]} g6 {[%emt 0:00:05]} 7. Nd2 {[%emt 0:00:34]} Bg7 {[%emt 0:01:46]} 8. e4 {[%emt 0:00:07]} O-O {[%emt 0:00:20]} 9. Be2 {[%emt 0:00:06]} Re8 {[%emt 0:00:43]} 10. O-O {[%emt 0:00:08]} Nbd7 {[%emt 0:00:48]} 11. a4 {[%emt 0:12:05]} a6 {[%emt 0:05:21]} 1/2-1/2

[Event "POL-chT 2 Liga 2019"]
[Site "Poronin"]
[Date "2019.09.08"]
[Round "2.20"]
[White "Brzeski, Maciej"]
[Black "Mickiewicz, Piotr"]
[Result "1-0"]
[WhiteElo "2339"]
[BlackElo "2226"]
[Annotator "TA"]
[PlyCount "75"]
[EventDate "2019.09.07"]
[EventType "team-tourn"]
[EventCountry "POL"]
[SourceTitle "playchess.com"]
[Source "ChessBase"]
[SourceQuality "1"]

{[%evp 25,75,51,56,54,48,48,59,54,64,45,65,51,105,100,110,116,84,12,141,135,143,131,170,159,206,186,213,214,235,231,393,376,384,330,505,452,431,424,544,543,532,560,532,511,820,807,781,772,916,909,2851,2189]} 1. e4 c5 2. Nf3 d6 3. d4 cxd4 4. Nxd4 Nf6 5. Nc3 Nc6 6. Bg5 e6 7. Qd2 h6 8. Bxf6 gxf6 9. O-O-O a6 10. f4 Bd7 11. Kb1 Qb6 12. Nb3 O-O-O 13. Be2 h5 14. Rhf1 {B63: Sicilian: Richter-Rauzer: 7...Be7 and unusual Black 7th moves} (14. Bf3 h4 15. Rhe1 Kb8 16. a3 Be8 17. Ne2 Rc8 18. f5 Ne5 19. Ned4 Bd7 20. Qe2 Bh6 21. Bh5 Bf4 {0-1 (71) Li,C (2720)-Adly,A (2599) Doha 2016}) 14... Kb8 15. Rf3 Be7 16. Rh3 {White is slightly better.} h4 17. Qe1 Rdg8 18. Bf3 Na5 $146 ({Black should try} 18... Rc8 $14) ({Predecessor:} 18... Qd8 19. Rxh4 Rxh4 20. Qxh4 Rh8 21. Qg3 Qg8 22. Qxg8+ Rxg8 {½-½ (58) Maslak,K (2521)-Pinchuk,S (2413) Pardubice 2008}) 19. Rxh4 Nc4 20. Rxh8 Rxh8 21. Be2 (21. h4 $16) 21... Qc7 (21... Ne3 $11) 22. Bxc4 $16 Qxc4 23. h3 Qc7 24. Qf2 b5 25. a3 Bc8 26. f5 Qa7 27. Nd4 {[#] Threatens to win with Nc6+.} Bd7 $2 (27... Qd7 {was called for.} 28. Qg3 Qe8) 28. Qg3 $18 e5 29. Nd5 Bd8 (29... Bf8 {was necessary.} 30. Ne2 Bc6) 30. Ne2 {White is clearly winning.} Bc6 31. Qg7 Re8 32. Nec3 a5 33. Nxf6 Bxf6 34. Qxf6 b4 (34... Qc5 $142 35. Qxf7 b4) 35. axb4 axb4 36. Qxd6+ {[%mdl 64] [#] Double Attack} Kb7 37. Nd5 {Intending Qc7+ and mate.} Rc8 38. Qxb4+ {Accuracy: White = 91%, Black = 24%.} 1-0

[Event "POL-chT 2 Liga 2019"]
[Site "Poronin"]
[Date "2019.09.08"]
[Round "2.21"]
[White "Mazurkiewicz, Michal"]
[Black "Jaskolka, Tomasz"]
[Result "1-0"]
[WhiteElo "2215"]
[BlackElo "2236"]
[Annotator "NA"]
[PlyCount "79"]
[EventDate "2019.09.07"]
[EventType "team-tourn"]
[EventCountry "POL"]
[SourceTitle "playchess.com"]
[Source "ChessBase"]
[SourceQuality "1"]
[TimeControl "40/5400+30:1800+30"]

1. Nf3 {[%emt 0:00:25]} e6 {[%emt 0:00:57]} 2. g3 {[%emt 0:00:15]} f5 {[%emt 0:00:04]} 3. Bg2 {[%emt 0:00:04]} Nf6 {[%emt 0:00:03]} 4. O-O {[%emt 0:00:06]} Be7 {[%emt 0:00:21]} 5. d3 {[%emt 0:01:57]} d6 {[%emt 0:00:11]} 6. Nbd2 {[%emt 0:00:35]} Nc6 {[%emt 0:00:17]} 7. e4 {[%emt 0:00:06]} fxe4 {[%emt 0:16:53]} 8. dxe4 {[%emt 0:00:02]} e5 {[%emt 0:00:06]} 9. c3 {[%emt 0:00:08]} O-O {[%emt 0:17:44]} 10. Qb3+ {[%emt 0:01:50]} Kh8 {[%emt 0:03:48]} 11. Ng5 {[%emt 0:00:44]} Na5 {[%emt 0:03:39]} 12. Qa4 {[%emt 0:05:37]} b6 {[%emt 0:02:57]} 13. b4 {[%emt 0:00:52]} Bd7 {[%emt 0:01:23]} 14. Qc2 {[%emt 0:00:27]} Nc6 {[%emt 0:02:01]} 15. Qb3 {[%emt 0:00:23]} Qc8 {[%emt 0:00:56]} 16. a4 {[%emt 0:29:14]} a5 {[%emt 0:03:58]} 17. b5 {[%emt 0:05:34]} Nd8 {[%emt 0:00:23]} 18. Ba3 {[%emt 0:01:00]} Nh5 {[%emt 0:06:39]} 19. Ngf3 {[%emt 0:07:22]} Bh3 {[%emt 0:20:49]} 20. Nxe5 {[%emt 0:11:15]} Bg5 {[%emt 0:08:47]} 21. f4 {[%emt 0:03:39]} Nxf4 {[%emt 0:02:05]} 22. gxf4 {[%emt 0:02:45]} Rxf4 {[%emt 0:01:01]} 23. Nef3 {[%emt 0:06:26]} Qg4 {[%emt 0:02:05]} 24. Ne1 {[%emt 0:00:44]} Ne6 {[%emt 0:01:08]} 25. Qd1 {[%emt 0:02:01]} Bxg2 {[%emt 0:02:04]} 26. Nxg2 {[%emt 0:00:33]} Rxf1+ {[%emt 0:00:21]} 27. Nxf1 {[%emt 0:00:08]} Qxe4 {[%emt 0:00:12]} 28. Ng3 {[%emt 0:01:30]} Qc4 {[%emt 0:01:08]} 29. Qe2 {[%emt 0:00:32]} Qxc3 {[%emt 0:00:53]} 30. Re1 {[%emt 0:01:07]} Qxa3 {[%emt 0:00:49]} 31. Qxe6 {[%emt 0:00:03]} Qc5+ {[%emt 0:01:13]} 32. Kh1 {[%emt 0:00:04]} g6 {[%emt 0:00:33]} 33. Ne4 {[%emt 0:00:12]} Qd4 {[%emt 0:00:28]} 34. Nxg5 {[%emt 0:00:28]} h6 {[%emt 0:00:29]} 35. Nf7+ {[%emt 0:01:05]} Kg7 {[%emt 0:00:05]} 36. Qe7 {[%emt 0:00:16]} Qf6 {[%emt 0:00:29]} 37. Nxd6+ {[%emt 0:00:28]} Qxe7 {[%emt 0:00:10]} 38. Rxe7+ {[%emt 0:00:02]} Kf6 {[%emt 0:00:12]} 39. Rxc7 {[%emt 0:00:07]} Rd8 {[%emt 0:00:07]} 40. Rc6 {[%emt 0:00:00]} 1-0

[Event "POL-chT 2 Liga 2019"]
[Site "Poronin"]
[Date "2019.09.08"]
[Round "2.22"]
[White "Lukasiewicz, Grzegorz"]
[Black "Maciaga, Marcin"]
[Result "1-0"]
[WhiteElo "2164"]
[BlackElo "2118"]
[Annotator "NA"]
[PlyCount "71"]
[EventDate "2019.09.07"]
[EventType "team-tourn"]
[EventCountry "POL"]
[SourceTitle "playchess.com"]
[Source "ChessBase"]
[SourceQuality "1"]
[TimeControl "40/5400+30:1800+30"]

1. d4 {[%emt 0:00:00]} Nf6 {[%emt 0:00:00]} 2. Nf3 {[%emt 0:00:00]} g6 {[%emt 0:00:24]} 3. g3 {[%emt 0:03:13]} Bg7 {[%emt 0:00:53]} 4. Bg2 {[%emt 0:00:07]} O-O {[%emt 0:00:08]} 5. O-O {[%emt 0:02:26]} d5 {[%emt 0:00:30]} 6. c4 {[%emt 0:03:27]} c6 {[%emt 0:00:24]} 7. Qb3 {[%emt 0:02:09]} Qb6 {[%emt 0:01:05]} 8. Nc3 {[%emt 0:17:02]} Rd8 {[%emt 0:00:37]} 9. c5 {[%emt 0:00:22]} Qa6 {[%emt 0:01:19]} 10. Re1 {[%emt 0:09:24]} b6 {[%emt 0:02:05]} 11. cxb6 {[%emt 0:03:44]} axb6 {[%emt 0:00:31]} 12. Bf4 {[%emt 0:02:44]} Re8 {[%emt 0:25:47]} 13. e4 {[%emt 0:08:17]} dxe4 {[%emt 0:06:42]} 14. Ng5 {[%emt 0:00:53]} Rf8 {[%emt 0:00:41]} 15. Ngxe4 {[%emt 0:09:56]} Be6 {[%emt 0:01:33]} 16. Nxf6+ {[%emt 0:01:57]} Bxf6 {[%emt 0:03:16]} 17. d5 {[%emt 0:02:37]} cxd5 {[%emt 0:10:54]} 18. Nxd5 {[%emt 0:00:14]} Nc6 {[%emt 0:03:14]} 19. Nxf6+ {[%emt 0:00:52]} exf6 {[%emt 0:00:09]} 20. Qc3 {[%emt 0:00:06]} Ne5 {[%emt 0:04:41]} 21. Bxe5 {[%emt 0:07:59]} Rac8 {[%emt 0:10:51]} 22. Bc7 {[%emt 0:00:12]} Rfe8 {[%emt 0:00:12]} 23. Rac1 {[%emt 0:02:32]} Qa7 {[%emt 0:02:41]} 24. Red1 {[%emt 0:01:57]} Kg7 {[%emt 0:00:46]} 25. Rd6 {[%emt 0:01:11]} Qxa2 {[%emt 0:08:53]} 26. Bb7 {[%emt 0:01:05]} Rxc7 {[%emt 0:02:46]} 27. Qxc7 {[%emt 0:00:18]} Qxb2 {[%emt 0:00:25]} 28. Rxe6 {[%emt 0:04:46]} Rxe6 {[%emt 0:00:24]} 29. Bd5 Re2 {[%emt 0:03:04]} 30. Qxf7+ {[%emt 0:01:29]} Kh6 {[%emt 0:00:09]} 31. Qf8+ {[%emt 0:05:19]} Kg5 {[%emt 0:00:59]} 32. h4+ {[%emt 0:00:47]} Kf5 {[%emt 0:01:31]} 33. Qc8+ {[%emt 0:01:18]} Ke5 {[%emt 0:00:11]} 34. Rd1 {[%emt 0:01:12]} Rd2 {[%emt 0:02:26]} 35. Qe6+ {[%emt 0:00:08]} Kd4 {[%emt 0:00:07]} 36. Qe3+ {[%emt 0:00:10]} 1-0

[Event "POL-chT 2 Liga 2019"]
[Site "Poronin"]
[Date "2019.09.08"]
[Round "2.23"]
[White "Krasiewicz, Robert"]
[Black "Pulik, Krzysztof"]
[Result "1/2-1/2"]
[WhiteElo "2044"]
[BlackElo "2131"]
[Annotator "NA"]
[PlyCount "91"]
[EventDate "2019.09.07"]
[EventType "team-tourn"]
[EventCountry "POL"]
[SourceTitle "playchess.com"]
[Source "ChessBase"]
[SourceQuality "1"]
[TimeControl "40/5400+30:1800+30"]

1. c4 {[%emt 0:02:27]} e6 {[%emt 0:00:00]} 2. Nf3 {[%emt 0:00:06]} d5 {[%emt 0:00:00]} 3. g3 {[%emt 0:00:07]} c5 {[%emt 0:00:01]} 4. Bg2 {[%emt 0:00:22]} Nc6 {[%emt 0:00:14]} 5. O-O {[%emt 0:00:25]} Nf6 {[%emt 0:00:06]} 6. b3 {[%emt 0:00:09]} Be7 {[%emt 0:01:19]} 7. Bb2 {[%emt 0:00:53]} d4 {[%emt 0:00:20]} 8. e3 {[%emt 0:00:10]} e5 {[%emt 0:01:28]} 9. exd4 {[%emt 0:00:55]} exd4 {[%emt 0:00:46]} 10. d3 {[%emt 0:01:50]} O-O {[%emt 0:00:06]} 11. Na3 {[%emt 0:00:16]} h6 {[%emt 0:10:13]} 12. Nc2 {[%emt 0:00:37]} a5 {[%emt 0:01:05]} 13. a3 {[%emt 0:00:19]} Qc7 {[%emt 0:07:46]} 14. b4 {[%emt 0:04:21]} axb4 {[%emt 0:00:09]} 15. axb4 {[%emt 0:00:03]} Rxa1 {[%emt 0:00:09]} 16. Qxa1 {[%emt 0:00:38]} b6 {[%emt 0:04:49]} 17. b5 {[%emt 0:03:46]} Na5 {[%emt 0:01:54]} 18. Re1 {[%emt 0:02:16]} Bf5 {[%emt 0:05:19]} 19. Qd1 {[%emt 0:00:45]} Bd6 {[%emt 0:00:16]} 20. Nh4 {[%emt 0:07:24]} Bh7 {[%emt 0:01:03]} 21. Bh3 {[%emt 0:02:47]} Re8 {[%emt 0:05:57]} 22. Qf3 {[%emt 0:06:51]} Nxc4 {[%emt 0:03:12]} 23. dxc4 {[%emt 0:01:03]} Bxc2 {[%emt 0:01:46]} 24. Rxe8+ {[%emt 0:00:03]} Nxe8 {[%emt 0:00:11]} 25. Qe2 {[%emt 0:00:03]} Be7 {[%emt 0:06:26]} 26. Qxc2 {[%emt 0:06:12]} Bxh4 {[%emt 0:00:05]} 27. gxh4 {[%emt 0:00:07]} Qe7 {[%emt 0:03:21]} 28. Bf5 {[%emt 0:01:38]} Nd6 {[%emt 0:01:00]} 29. Bd3 {[%emt 0:02:19]} Qxh4 {[%emt 0:01:29]} 30. Qd1 {[%emt 0:02:57]} Qg5+ {[%emt 0:01:35]} 31. Kh1 {[%emt 0:00:35]} Qf4 {[%emt 0:01:47]} 32. Kg2 {[%emt 0:01:23]} Qg5+ {[%emt 0:02:33]} 33. Kf1 {[%emt 0:01:06]} Qf4 {[%emt 0:03:23]} 34. h3 {[%emt 0:00:30]} Ne4 {[%emt 0:08:08]} 35. Qc2 {[%emt 0:05:57]} f5 {[%emt 0:03:11]} 36. Bc1 {[%emt 0:01:33]} Qf3 {[%emt 0:00:21]} 37. Kg1 {[%emt 0:00:30]} Nxf2 {[%emt 0:07:32]} 38. Bxf5 {[%emt 0:01:00]} Nxh3+ {[%emt 0:02:05]} 39. Bxh3 {[%emt 0:04:49]} Qxh3 {[%emt 0:00:02]} 40. Qg6 {[%emt 0:00:00]} Qh4 {[%emt 0:00:00]} 41. Kg2 {[%emt 0:03:19]} Qe1 {[%emt 0:05:59]} 42. Bxh6 {[%emt 0:01:34]} Qe2+ {[%emt 0:00:12]} 43. Kg3 {[%emt 0:00:40]} Qe1+ {[%emt 0:00:16]} 44. Kg2 {[%emt 0:05:23]} Qe2+ {[%emt 0:00:06]} 45. Kg3 {[%emt 0:00:35]} Qe1+ {[%emt 0:00:11]} 46. Kg2 {[%emt 0:00:39]} 1/2-1/2

[Event "POL-chT 2 Liga 2019"]
[Site "Poronin"]
[Date "2019.09.08"]
[Round "2.24"]
[White "Lukasiewicz, Anna"]
[Black "Andrzejewska, Anna"]
[Result "1/2-1/2"]
[WhiteElo "2075"]
[BlackElo "2021"]
[Annotator "NA"]
[PlyCount "154"]
[EventDate "2019.09.07"]
[EventType "team-tourn"]
[EventCountry "POL"]
[SourceTitle "playchess.com"]
[Source "ChessBase"]
[SourceQuality "1"]
[TimeControl "40/5400+30:1800+30"]

1. e4 {[%emt 0:00:00]} e5 {[%emt 0:00:00]} 2. Nf3 {[%emt 0:00:14]} Nc6 {[%emt 0:00:00]} 3. Bc4 {[%emt 0:00:27]} Bc5 {[%emt 0:00:11]} 4. c3 {[%emt 0:00:46]} Nf6 {[%emt 0:00:18]} 5. d3 {[%emt 0:01:03]} d6 {[%emt 0:01:43]} 6. O-O {[%emt 0:02:04]} h6 {[%emt 0:03:54]} 7. h3 {[%emt 0:01:52]} O-O {[%emt 0:00:26]} 8. Bb3 {[%emt 0:03:01]} Re8 {[%emt 0:04:03]} 9. Nbd2 {[%emt 0:05:15]} d5 {[%emt 0:10:06]} 10. Re1 {[%emt 0:05:25]} d4 {[%emt 0:08:11]} 11. Nf1 {[%emt 0:03:08]} Be6 {[%emt 0:09:42]} 12. Bxe6 {[%emt 0:17:47]} Rxe6 {[%emt 0:02:12]} 13. c4 {[%emt 0:00:17]} a5 {[%emt 0:04:55]} 14. Ng3 {[%emt 0:03:28]} a4 {[%emt 0:10:52]} 15. Rf1 {[%emt 0:14:11]} Qd7 {[%emt 0:04:58]} 16. Ne1 {[%emt 0:04:21]} Ne7 {[%emt 0:04:42]} 17. Rb1 {[%emt 0:08:08]} b5 {[%emt 0:02:14]} 18. b4 {[%emt 0:02:47]} axb3 {[%emt 0:01:24]} 19. axb3 {[%emt 0:00:25]} bxc4 {[%emt 0:08:26]} 20. dxc4 {[%emt 0:03:45]} Ng6 {[%emt 0:06:10]} 21. Nd3 {[%emt 0:01:21]} Bf8 {[%emt 0:01:26]} 22. Re1 {[%emt 0:05:59]} Rea6 {[%emt 0:04:31]} 23. Bd2 {[%emt 0:03:29]} Ra2 {[%emt 0:04:05]} 24. h4 {[%emt 0:01:31]} Nxh4 {[%emt 0:02:40]} 25. Nxe5 {[%emt 0:00:30]} Qe6 {[%emt 0:01:04]} 26. Nd3 {[%emt 0:01:51]} c5 {[%emt 0:02:44]} 27. Nf4 {[%emt 0:04:46]} Qg4 {[%emt 0:01:08]} 28. e5 {[%emt 0:01:41]} Qxd1 {[%emt 0:00:57]} 29. Rexd1 {[%emt 0:00:10]} Ng4 {[%emt 0:00:35]} 30. Nd3 {[%emt 0:00:40]} Rc2 {[%emt 0:00:40]} 31. Ne4 {[%emt 0:01:11]} Raa2 {[%emt 0:00:32]} 32. Ra1 {[%emt 0:02:22]} Rxa1 {[%emt 0:00:37]} 33. Rxa1 {[%emt 0:00:04]} Kh7 {[%emt 0:00:31]} 34. Be1 {[%emt 0:01:14]} Re2 {[%emt 0:00:28]} 35. Nexc5 {[%emt 0:00:39]} Bxc5 {[%emt 0:00:24]} 36. Nxc5 {[%emt 0:00:09]} Nxe5 {[%emt 0:00:27]} 37. Kf1 {[%emt 0:01:09]} Rb2 {[%emt 0:00:40]} 38. f4 {[%emt 0:00:28]} Neg6 {[%emt 0:00:27]} 39. Bf2 {[%emt 0:01:09]} Nf5 {[%emt 0:00:34]} 40. g3 {[%emt 0:00:00]} h5 {[%emt 0:00:00]} 41. Rd1 {[%emt 0:09:36]} h4 {[%emt 0:11:35]} 42. gxh4 {[%emt 0:05:47]} Ne3+ {[%emt 0:10:35]} 43. Bxe3 {[%emt 0:00:14]} dxe3 {[%emt 0:00:06]} 44. Re1 {[%emt 0:02:59]} Rf2+ {[%emt 0:01:47]} 45. Kg1 {[%emt 0:00:12]} Nxh4 {[%emt 0:01:00]} 46. Rxe3 {[%emt 0:01:20]} Rxf4 {[%emt 0:00:17]} 47. Nd3 {[%emt 0:02:05]} Rd4 {[%emt 0:01:57]} 48. c5 {[%emt 0:02:46]} Nf5 {[%emt 0:03:20]} 49. Rh3+ {[%emt 0:03:40]} Kg6 {[%emt 0:00:54]} 50. Kf2 {[%emt 0:02:50]} Kf6 {[%emt 0:01:22]} 51. Ke2 {[%emt 0:01:18]} g5 {[%emt 0:01:20]} 52. b4 {[%emt 0:02:27]} g4 {[%emt 0:01:07]} 53. Rh8 {[%emt 0:00:33]} g3 {[%emt 0:01:08]} 54. Rg8 {[%emt 0:00:28]} Ng7 {[%emt 0:01:01]} 55. c6 {[%emt 0:01:21]} Rxd3 {[%emt 0:00:33]} 56. Rxg7 {[%emt 0:00:52]} Rc3 {[%emt 0:00:29]} 57. Rg4 {[%emt 0:00:40]} Rxc6 {[%emt 0:00:28]} 58. Rxg3 {[%emt 0:00:12]} Ke5 {[%emt 0:00:16]} 59. Rb3 {[%emt 0:00:28]} Kd4 {[%emt 0:00:40]} 60. b5 {[%emt 0:00:29]} Rb6 {[%emt 0:00:17]} 61. Kf3 {[%emt 0:00:26]} Kc4 {[%emt 0:00:40]} 62. Rb1 {[%emt 0:00:11]} Rxb5 {[%emt 0:00:36]} 63. Rxb5 {[%emt 0:00:23]} Kxb5 {[%emt 0:00:03]} 64. Ke4 {[%emt 0:00:07]} Kc6 {[%emt 0:00:08]} 65. Ke5 {[%emt 0:00:08]} Kd7 {[%emt 0:00:04]} 66. Kf6 {[%emt 0:00:06]} Ke8 {[%emt 0:00:04]} 67. Kf5 {[%emt 0:00:11]} Ke7 {[%emt 0:00:08]} 68. Ke5 {[%emt 0:00:04]} f6+ {[%emt 0:00:10]} 69. Kf5 {[%emt 0:00:03]} Kf7 {[%emt 0:00:06]} 70. Kf4 {[%emt 0:00:04]} Ke7 {[%emt 0:00:19]} 71. Kf5 {[%emt 0:00:07]} Kf7 {[%emt 0:00:03]} 72. Kf4 {[%emt 0:00:05]} Ke6 {[%emt 0:00:11]} 73. Ke4 {[%emt 0:00:05]} f5+ {[%emt 0:00:03]} 74. Kf4 {[%emt 0:00:05]} Kf6 {[%emt 0:00:03]} 75. Kf3 {[%emt 0:00:07]} Kg5 {[%emt 0:00:22]} 76. Kg3 {[%emt 0:00:05]} f4+ {[%emt 0:00:06]} 77. Kf3 {[%emt 0:00:04]} Kf5 {[%emt 0:00:04] Kg3 fxg3} 1/2-1/2

[Event "POL-chT 2 Liga 2019"]
[Site "Poronin"]
[Date "2019.09.08"]
[Round "2.25"]
[White "Oglaza, Oskar"]
[Black "Kudas, Damian"]
[Result "1/2-1/2"]
[WhiteElo "2351"]
[BlackElo "2115"]
[Annotator "TA"]
[PlyCount "80"]
[EventDate "2019.09.07"]
[EventType "team-tourn"]
[EventCountry "POL"]
[SourceTitle "playchess.com"]
[Source "ChessBase"]
[SourceQuality "1"]

{[%evp 13,80,18,20,18,8,11,35,-26,23,23,83,46,41,39,92,58,55,-27,-24,-24,-24,-24,-24,-28,-27,-27,-8,-34,-14,-67,-16,-49,-49,-49,-49,-49,-57,-53,-53,-110,-61,-60,-57,-60,-18,-18,-6,-10,-10,-20,-10,-16,-5,-6,-14,-10,-13,-12,0,0,0,0,0,0,0,-8,-8,-8,-8]} 1. d4 d5 2. Nf3 Nf6 3. c4 c6 4. e3 Bg4 5. Nc3 e6 6. h3 Bh5 7. g4 Bg6 8. Ne5 {D11: Slav Defence: 3 Nf3 sidelines and 3...Nf6 4 e3 Bg4} Nbd7 9. Nxg6 hxg6 10. Bg2 (10. g5 $14) (10. g5 Ng8 11. h4 Bb4 12. Qb3 Bxc3+ 13. bxc3 Ne7 14. Ba3 Nb6 15. Bxe7 Qxe7 {½-½ (85) Ding,L (2774)-Carlsen,M (2837) Saint Louis 2017}) 10... Bd6 11. Qb3 Qb6 (11... Rb8 $11 {remains equal.}) 12. Bd2 dxc4 13. Qxc4 {[#]} e5 $146 ({Black should play} 13... a5 $14) ({Predecessor:} 13... Rc8 14. Qb3 Qxb3 15. axb3 {1-0 (138) Wang,Y (2736)-Nepomniachtchi,I (2632) Sochi 2009}) 14. g5 exd4 $1 15. Na4 ({Reject} 15. gxf6 dxc3 16. Bxc3 Nxf6 $15) (15. exd4 $14 Nh5 16. O-O) 15... Qb5 $11 16. Qxb5 cxb5 17. gxf6 gxf6 18. Nc3 dxc3 19. Bxc3 Rb8 20. O-O-O Ke7 21. Kb1 (21. Rd4 $11 b4 22. Re4+ Kf8 23. Bxb4 Bxb4 24. Rxb4) 21... Rhd8 ({Black should try} 21... b4 $15 22. Bd4 b6) 22. Rd5 b4 23. Bd4 b6 24. Rd1 Bc5 25. h4 Bxd4 26. exd4 ({Better is} 26. R1xd4 $15 a5 27. h5) 26... Nf8 27. Rb5 $1 Ne6 {aiming for ...a5.} 28. Rxb4 Rd6 29. d5 {Re1 is the strong threat.The position is equal.} Nc5 30. Rc4 a5 31. b3 Rdd8 32. h5 Kd6 33. hxg6 fxg6 34. a3 {[%cal Ba2a3,Ba3b4][%mdl 32]} b5 $1 {[%cal Rb5c4]} 35. Rg4 g5 36. b4 axb4 37. axb4 Nd7 38. f4 Rg8 39. fxg5 Rxg5 40. Rxg5 fxg5 {Accuracy: White = 51%, Black = 42%.} 1/2-1/2